111-> Helenka Elzab - Statystyki

Ogólne statystyki
  • Ten quiz został rozwiązany 2 razy
  • Średni wynik to 18 z 42
Statystyki odpowiedzi
Miastoz Przystanek % Poprawnych
Zabrze Helenka ELZAB
100%
Zabrze Kończyce Miła
100%
Zabrze Makoszowy Oświęcimska
100%
Zabrze Makoszowy Pętla
100%
Zabrze Rokitnica Pętla
100%
Zabrze Biskupice Kasprowicza
50%
Zabrze Biskupice Koksownia
50%
Zabrze Biskupice Kościół
50%
Zabrze Biskupice Młyńska
50%
Zabrze Biskupice Zamkowa
50%
Zabrze Biskupice Ziemska
50%
Zabrze Guido Kopalnia Zabytkowa
50%
Zabrze Helenka Kościół
50%
Zabrze Helenka PCK
50%
Zabrze Kończyce Beskidzka
50%
Zabrze Kończyce Cmentarz
50%
Zabrze Makoszowy Legnicka
50%
Zabrze Makoszowy Oszka
50%
Zabrze Makoszowy Strzelnica
50%
Zabrze Mikulczyce Gogolińska
50%
Zabrze Mikulczyce Kopalniana
50%
Zabrze Mikulczyce Plac Kroczka
50%
Zabrze Os. Młodego Górnika Kopalnia
50%
Zabrze Os. Młodego Górnika Pod Borem
50%
Zabrze Os. Młodego Górnika Ziemska
50%
Zabrze Rokitnica Boczna
50%
Zabrze Rokitnica Śląski Uniwersytet Med.
50%
Zabrze Zabrze Goethego
50%
Zabrze Zabrze Plac Krakowski
50%
Zabrze Zabrze Ślęczka
50%
Zabrze Biskupice Brondera
0%
Zabrze Biskupice Ogródki Działkowe
0%
Zabrze Biskupice Zarząd Dróg
0%
Zabrze Mikulczyce Cmentarz
0%
Zabrze Mikulczyce Przejazd Kolejowy
0%
Zabrze Mikulczyce Strefa Ekonomiczna
0%
Zabrze Os. Młodego Górnika Haldex
0%
Zabrze Zabrze de Gaullea Ślęczka
0%
Zabrze Zabrze Hagera
0%
Zabrze Zabrze Komenda Policji
0%
Zabrze Zabrze Politechnika Śląska
0%
Zabrze Zabrze Stalmacha
0%
Nie znaleziono quizów pasujących do podanych kryteriów
Rozkład punktacji
Procent ludzi z każdym wynikiem
Percentyl według liczby udzielonych odpowiedzi
Twoja historia wyników
Nie rozwiązałeś tego quizu